[Event "HUN-chT2 Maroczy 1011"]
[Site "Hungary"]
[Date "2011.03.27"]
[Round "7"]
[White "Kecze, Matyas"]
[Black "Albert, Kornelia"]
[Result "1/2-1/2"]
[WhiteElo "1777"]
[BlackElo "2103"]
[PlyCount "152"]
[EventDate "2010.09.12"]
[EventType "team-tourn"]
[EventRounds "11"]
[EventCountry "HUN"]
[SourceTitle "EXT 2012"]
[Source "ChessBase"]
[SourceDate "2011.11.24"]
[SourceVersion "1"]
[SourceVersionDate "2011.11.24"]
[SourceQuality "1"]
[WhiteTeam "Kisujszallas"]
[BlackTeam "MLTC II"]
[WhiteTeamCountry "HUN"]
[BlackTeamCountry "HUN"]

1. e4 c6 2. c4 d5 3. exd5 cxd5 4. Qa4+ Nc6 5. cxd5 Qxd5 6. Nc3 Qe5+ 7. Be2 Bd7 8. Nf3 Qb8 9. 0-0 Nf6 10. d4 e6 11. a3 Be7 12. Rd1 0-0 13. Qc2 a6 14. Bg5 Nd5 15. Nxd5 exd5 16. Bxe7 Nxe7 17. Qc5 Re8 18. Rac1 Qd8 19. Ne5 Ba4 20. Re1 Nc6 21. Nxc6 Bxc6 22. Bf3 Qd7 23. g3 Re6 24. Kg2 g6 25. Qc3 Rae8 26. b4 Qe7 27. Rxe6 Qxe6 28. h3 Bd7 29. Bg4 f5 30. Bf3 Rc8 31. Qd2 Rxc1 32. Qxc1 Bc6 33. Qc3 g5 34. Qd2 h6 35. Qe2 Kf7 36. Qxe6+ Kxe6 37. Kf1 Bb5+ 38. Be2 Bc4 39. f4 gxf4 40. gxf4 Kd6 41. Ke1 Kc6 42. Bd1 Bd3 43. Kd2 Bf1 44. h4 Kb5 45. Kc3 a5 46. Bc2 axb4+ 47. axb4 Bh3 48. Kb3 Kc6 49. Ka4 Kb6 50. Bd3 Bg4 51. Bc2 Kc6 52. Ka5 b6+ 53. Ka4 Bh3 54. Bd1 Bg2 55. Bh5 Be4 56. Be8+ Kc7 57. Kb3 Bd3 58. Bg6 Kd6 59. Kc3 Bb1 60. Bh5 Ke6 61. Kd2 Be4 62. Be2 Kf6 63. Bh5 Bg2 64. Ke3 Bh3 65. Be8 Bg2 66. Ba4 Kg6 67. Be8+ Kf6 68. Ba4 Be4 69. Be8 Ke6 70. Bb5 Kd6 71. Kd2 Bb1 72. Ba4 Be4 73. Bd1 Kc6 74. Ba4+ Kd6 75. Bd1 Bg2 76. Ba4 Be4 1/2-1/2

[Event "HUN-chT2 Toth 0809"]
[Site "Hungary"]
[Date "2009.04.19"]
[Round "11.10"]
[White "Kecze, Matyas"]
[Black "Buzas, Andras"]
[Result "0-1"]
[WhiteElo "1756"]
[BlackElo "1781"]
[PlyCount "106"]
[EventDate "2008.10.26"]
[EventType "team-tourn"]
[EventRounds "11"]
[EventCountry "HUN"]
[SourceTitle "EXT 2010"]
[Source "ChessBase"]
[SourceDate "2010.11.25"]
[SourceVersion "1"]
[SourceVersionDate "2010.11.25"]
[SourceQuality "1"]
[WhiteTeam "Kisujszallas"]
[BlackTeam "Vasarhelyi"]
[WhiteTeamCountry "HUN"]
[BlackTeamCountry "HUN"]

1. e4 c5 2. Nf3 e6 3. d4 cxd4 4. Nxd4 a6 5. Be3 Nc6 6. c3 Nf6 7. Bd3 d5 8. Nd2 Ne5 9. Bc2 Qc7 10. Qe2 Bd6 11. f4 Neg4 12. e5 Nxe3 13. Qxe3 Ng4 14. Qe2 Bc5 15. Qxg4 Bxd4 16. Qxg7 Rf8 17. Qxh7 Bxc3 18. bxc3 Qxc3 19. Ke2 Bd7 20. Rhc1 Qb4 21. Qh4 Bc6 22. Qf2 Rd8 23. Bd3 Qa3 24. Qc5 Qa4 25. g3 Rh8 26. Nf1 d4 27. Rc2 Rd5 28. Qc4 Qa5 29. Rac1 Kf8 30. Kf2 Kg7 31. Rb1 Bb5 32. Rxb5 axb5 33. Qb3 b4 34. h4 Ra8 35. Nd2 b5 36. Be4 d3 37. Rb2 Qb6+ 38. Kf1 Ra3 39. Qd1 Rd4 40. Bf3 Rc3 41. Be4 Qc7 42. Qg4+ Kf8 43. Qh5 Qd8 44. Qh8+ Ke7 45. Qf6+ Kd7 46. Qxf7+ Qe7 47. Qh5 Rc2 48. Rxc2 dxc2 49. Bxc2 Rxd2 50. Bb3 Kc7 51. Qg6 Qc5 52. Qf7+ Kb6 53. Qxe6+ Ka5 0-1

[Event "HUN-chT2 Toth 0809"]
[Site "Hungary"]
[Date "2008.12.21"]
[Round "4.12"]
[White "Kecze, Matyas"]
[Black "Komaromi, Tibor"]
[Result "1-0"]
[WhiteElo "1756"]
[BlackElo "1375"]
[PlyCount "71"]
[EventDate "2008.10.26"]
[EventType "team-tourn"]
[EventRounds "11"]
[EventCountry "HUN"]
[SourceTitle "EXT 2010"]
[Source "ChessBase"]
[SourceDate "2010.11.25"]
[SourceVersion "1"]
[SourceVersionDate "2010.11.25"]
[SourceQuality "1"]
[WhiteTeam "Kisujszallas"]
[BlackTeam "Nadudvar"]
[WhiteTeamCountry "HUN"]
[BlackTeamCountry "HUN"]

1. e4 e5 2. Nf3 Nf6 3. Nxe5 d6 4. Nf3 Nxe4 5. d4 d5 6. Bd3 Bg4 7. 0-0 Nc6 8. c3 Qd7 9. Nbd2 f5 10. Qc2 Bxf3 11. Nxf3 g6 12. Re1 0-0-0 13. b4 Nb8 14. Ne5 Qg7 15. f3 Nd6 16. a4 c6 17. b5 Qc7 18. Bf4 Bg7 19. Rec1 Rde8 20. Qb3 Nd7 21. Nf7 Bf8 22. Nxh8 Nb6 23. a5 Na8 24. b6 Qg7 25. Be5 Rxe5 26. dxe5 Qxe5 27. Re1 Qxh8 28. Kh1 Bg7 29. Rac1 Kd7 30. Qc2 axb6 31. axb6 Nxb6 32. Qe2 Nbc8 33. Qe6+ Kc7 34. c4 dxc4 35. Bxc4 Bc3 36. Red1 1-0